Quizzes
Events
Quiz Creation
Community
Videos
Private Events
Remove Ads
Sign In
Join for FREE
Feedback
Dark Mode
Quiz Categories
Sports
Geography
Music
Movies
Television
Just For Fun
Miscellaneous
History
Literature
Language
Science
Gaming
Entertainment
Religion
Holiday
For Kids
Quiz Lab
Recent
Popular Today
Quiz Kudos Today
Editor Picks
Curator Picks
Quizzes by...
Day
Popularity
Type
Ratings
Length
Year
Community
Subscriptions
Recent Discussions
Orange Saloon
Badges
Playlists
Quests
Create
Leaderboards
Showdown
Live 5
Trivia Bingo
Activity
Puzzle Library
Sporcle Events
Private Events
Virtual Trivia
Globe League
Become a Host
Pub Owners
SporcleCon
Opinionation
Our Games
Videos
Blog
Mobile Apps
Partnerships
Remove Ads and Go Orange
Feedback
Miscellaneous
Crossword
General Knowledge
Baby Names
Logo
Food
Cars
Numbers
Grab Bag
University
College
Popular
Company
Slogans
Restaurants
Justice
Letter
Miscellaneous
Crossword
General Knowledge
Baby Names
Logo
Food
Cars
Numbers
Grab Bag
University
College
Popular
Company
Slogans
Restaurants
Justice
Letter
Random Quiz
Search Sporcle
×
Quiz Lab
Quiz Lab
Miscellaneous
Alternative
Type in answers that appear in a list
Type in answers that appear in a list
Classic
Best Score? Go Orange.
First name alternate meanings Stats
Can you name the proper first name from its alternate definition?
By
jewilsey
4m
20 Questions
44 Plays
44 Plays
44 Plays
Comments
Comments
Give Quiz Kudos
Give Quiz Kudos
-
- Ratings
hide this ad
More Info
Replay
Link that replays current quiz
Next Quiz
Link to next quiz in quiz playlist
You Got
0%
They Got
Avg Score
35%
Avg Friend Score
Upgrade to see
Score Distribution
Jump to the score distribution portion of the page
Score
0/20
Timer
04:00
0
Plays Today
alternate definition
name
% Correct
The day preceding a holiday
Eve
79.5%
A statement showing payment due
Bill
65.9%
coffee
Joe
63.6%
A male animal, especially a cat
Tom
61.4%
A steep rock face
Cliff
54.5%
To move up and down
Bob
47.7%
To tease or joke with
Josh
45.5%
To tap with your palm
Pat
43.2%
Elegance in motion or manner
Grace
43.2%
To put on clothing
Don
43.2%
alternate definition
name
% Correct
A segment of DNA
Gene
31.8%
A crowbar used by thieves
Jimmy
29.5%
A small mountain valley
Glen
20.5%
A clear, transparent mineral
Crystal
18.2%
A sharp point or cutting remark
Barb
15.9%
Direct, straightforward speech
Frank
15.9%
A Spanish wine
Sherry
11.4%
A pin of wood fastening items together
Peg
11.4%
A Scottish mountain
Ben
9.1%
A sudden rushing forth, often of troops
Sally
4.5%
Quiz Playlist
Details
Report
Send in Message
Add To Playlist
More Info:
Example alternate def: To exercise ones volition in making a decision. Answer: Will
Classic:
Type in answers that appear in a list
Last Updated: Feb 16, 2017
Quiz Scoreboard
CHALLENGE
Sign Up to Join the Scoreboard
Show All
Scores
Hide
Comments
May contain spoilers
Recently Published
Popular People in 1961
by mucciniale
History
6m
1-10 Letter E Words III
by El_Dandy
Language
2m
One Thing in Common: World Cities II
by knightlancer
Geography
7m
More to Explore
Quiz From the Vault
Featured Blog Post
Where Did the Easter Bunny Come From?
hide this ad
You Might Also Like...
Tags
Alternative
Homonym
name
Today's Top Quizzes in Miscellaneous
Browse Miscellaneous
hide this ad
Today's Top Quizzes in Alternative
Browse Alternative
Top Contributed Quizzes in Miscellaneous
1
The JOE quick-fire general knowledge quiz: Day 173
2
The JOE quick-fire general knowledge quiz: Day 172
3
Sunday Crossword: Famous Bodies of Water
4
Named After an Animal - Odd One Out!
5
sort kpop groups by number of members
6
One Thing in Common: United Kingdom II
7
The JOE quick-fire general knowledge quiz: Day 171
8
Lays Potato Chip Flavour Contest Finalists
9
The JOE quick-fire quiz: Day 170
10
Sunday Crossword: Themeless #5
Explore More
Trending Topics
NBA
Harry Potter
Kpop
Anime
Crossword
Marvel
Disney
NFL
Song
Soccer
Pokémon
Puzzle
The Office
Country
WWE
hide this ad
More By:
jewilsey
Quiz
Plays
Rating
Category
Featured
Created
Add an 'X'
46,052
4.01
Language
Jun 1, 2011
Before and After: Music and Television
18,359
3.81
Entertainment
Oct 20, 2010
Element Picture Puzzles
3,843
4.35
Science
Feb 1, 2012
Country Picture Puzzles
2,590
4.48
Geography
Jan 18, 2012
TV Game Show Mashup
1,098
4.58
Television
Jul 1, 2011
Go to Creator's Profile
Score Distribution
Quiz Creator Spotlight
jewilsey
Follow
Send a Message
Quizzes Created
-
Created Quiz Play Count
-
More By This Creator
Popular Quizzes Today
1
Find the US States - No Outlines Minefield
2
The Countries of the World
3
Find the Countries of Europe - No Outlines Minefield
4
Popular People in 1961
5
1-10 Letter E Words III
6
Find the US States
7
One Thing in Common: World Cities II
8
US States
More Miscellaneous Quizzes
Sporcle Acrostic Puzzle XIII
Published
Trending Quizzes
Risky Map Clicking: Least Populous States A-Z
1-10 Letter F Words
1-10 Letter G Words
One Thing in Common: United Kingdom
Risky Map Clicking: Next State Alphabetically
Recently Updated
Leaping Animals
pecheneg
Reality TV Shows (A-Z)
bhenderson79
Rickey Henderson's Hall of Fame Teammates
pecheneg
Champions League XIs: Arsenal
pecheneg
Quick Pick: Celebrities in WWE's Hall of Fame
aduchscher
A-Z Keypad Blitz II
pecheneg
Multiple Oscar Actors
pecheneg
Mystery Phrase Blitz: Oscar 'Best Actors'
pecheneg
F. Scott Fitzgerald Novels
LTH
Pick 3 Villains
ddd62291
Trending Topics
NBA
Marvel
Anime
Crossword
Harry Potter
Kpop
Disney
Song
Pokémon
NFL
Soccer
Country
Puzzle
WWE
The Office
Your Account Isn't Verified!
In order to create a playlist on Sporcle, you need to verify the email address you used during registration. Go to your
Sporcle Settings
to finish the process.
Report this User
Report this user for behavior that violates our
Community Guidelines
.
Details:
Send Report
Go to the Sporcle.com Mobile Site →
Comments